000 02420nam0a2200433 4500
001 RU\NLR\bibl\1153541
005 20260408191057.0
010 _a5-902204-17-8
_9300
035 _a(nilc)EL/0000111092
035 _a(NLR Aleph) 001140326
090 _a1413594
_c1413594
100 _a20070309d2006 |||y0rusy50 ca
101 0 _arus
102 _aRU
105 _ay |||||||||
200 1 _aАренда и покупка недвижимости и земли для нужд малого бизнеса
_eитоговый доклад
_f[Георгий Сатаров, Владимир Римский, Сергей Пархоменко и др.]
_gРегион. обществ. фонд "Информатика для демократии" (Фонд ИНДЕМ)
210 _aМосква
_cФонд ИНДЕМ
_d2006
215 _a127 с.
_d30
225 1 _aБизнес и коррупция: проблемы противодействия. 2006
300 _aАвт. указаны на обороте тит.л.
606 1 _aЗемельная аренда
_xПравовое регулирование
_yРоссийская Федерация
_92417870
_3RU\NLR\auth\661440127
606 1 _aНедвижимое имущество
_xПравовое регулирование
_yРоссийская Федерация
_92155094
_3RU\NLR\auth\661297468
606 _aПредпринимательство малое
_xПравовые вопросы
_yРоссийская Федерация
_3RU\NLR\auth\661262422
_92086290
686 _aХ623.1
_vLBC/SL
_2rubbk
686 _aУ9(2)411.215
_vLBC/SL
_2rubbk
686 _aУ9(2)324-511.23
_vLBC/SL
_2rubbk
686 _aХ623.012.092
686 _aХ623.1
686 _aХ623.211.3
701 1 _4070
_8rus
_7ca
_aСатаров
_bГ. А.
_f1947-
_gГеоргий Александрович
_3RU\NLR\auth\7773246
_956174
701 1 _aРимский
_bВ. Л.
_gВладимир Львович
_4070
701 1 _aПархоменко
_bС. А.
_gСергей Анатольевич
_4070
712 0 2 _4570
_a"Информатика для демократии", региональный общественный фонд
_cМосква
_3RU\NLR\AUTH\8810015774
_9529409
801 0 _aRU
_bГПИБ России
_c20070309
_grcr
801 1 _aRU
_bГПИБ России
_c20070309
801 2 _aRU
_bNLR
_c20071113
_grcr
942 _cBOOK
980 _aNB